000 00259nam a22001217a 4500
008 190206b xxu||||| |||| 00| 0 eng d
041 _aeng
080 _a701
100 _a44
101 _aART
245 _aThe Story of Art
_cGombrich,E.H
942 _2udc
_cBK
999 _c54095
_d54095